<?xml version="1.0" encoding="UTF-8"?>
<record
    xmlns:xsi="http://www.w3.org/2001/XMLSchema-instance"
    xsi:schemaLocation="http://www.loc.gov/MARC21/slim http://www.loc.gov/standards/marcxml/schema/MARC21slim.xsd"
    xmlns="http://www.loc.gov/MARC21/slim">

  <leader>00400nam a22001217a 4500</leader>
  <datafield tag="040" ind1=" " ind2=" ">
    <subfield code="c">RUA</subfield>
  </datafield>
  <datafield tag="082" ind1=" " ind2=" ">
    <subfield code="a">SUP THO 2013 C108 Or.</subfield>
  </datafield>
  <datafield tag="100" ind1=" " ind2=" ">
    <subfield code="a">THO KIM EANG,</subfield>
  </datafield>
  <datafield tag="245" ind1=" " ind2=" ">
    <subfield code="a">The Cambodian Research Workshop,Book of Handouts 4th January 2013 Royal University Of Agriculture phnom penh, Cambodia All right reserved c 2013</subfield>
  </datafield>
  <datafield tag="260" ind1=" " ind2=" ">
    <subfield code="a">    PHNOM PENH</subfield>
    <subfield code="b">RUA</subfield>
    <subfield code="c">2013</subfield>
  </datafield>
  <datafield tag="300" ind1=" " ind2=" ">
    <subfield code="a">139p,</subfield>
    <subfield code="b">ill,</subfield>
    <subfield code="c">29cm,</subfield>
  </datafield>
  <datafield tag="942" ind1=" " ind2=" ">
    <subfield code="c">EK</subfield>
  </datafield>
  <datafield tag="999" ind1=" " ind2=" ">
    <subfield code="c">25439</subfield>
    <subfield code="d">25439</subfield>
  </datafield>
  <datafield tag="952" ind1=" " ind2=" ">
    <subfield code="0">0</subfield>
    <subfield code="1">0</subfield>
    <subfield code="4">0</subfield>
    <subfield code="6">SUP_THO_2013_000000000000000_C108_OR</subfield>
    <subfield code="7">0</subfield>
    <subfield code="9">105768</subfield>
    <subfield code="a">LBC</subfield>
    <subfield code="b">LBC</subfield>
    <subfield code="c">C108</subfield>
    <subfield code="d">2026-02-03</subfield>
    <subfield code="o">SUP THO 2013 C108 Or.</subfield>
    <subfield code="p">C034372</subfield>
    <subfield code="r">2026-02-03</subfield>
    <subfield code="y">EK</subfield>
  </datafield>
  <datafield tag="952" ind1=" " ind2=" ">
    <subfield code="0">0</subfield>
    <subfield code="1">0</subfield>
    <subfield code="4">0</subfield>
    <subfield code="6">SUP_THO_2013_000000000000000_C108_OR</subfield>
    <subfield code="7">0</subfield>
    <subfield code="9">105769</subfield>
    <subfield code="a">LBC</subfield>
    <subfield code="b">LBC</subfield>
    <subfield code="c">C108</subfield>
    <subfield code="d">2026-02-03</subfield>
    <subfield code="o">SUP THO 2013 C108 Or.</subfield>
    <subfield code="p">C034464</subfield>
    <subfield code="r">2026-02-03</subfield>
    <subfield code="y">EK</subfield>
  </datafield>
  <datafield tag="952" ind1=" " ind2=" ">
    <subfield code="0">0</subfield>
    <subfield code="1">0</subfield>
    <subfield code="4">0</subfield>
    <subfield code="6">SUP_THO_2013_000000000000000_C108_OR</subfield>
    <subfield code="7">0</subfield>
    <subfield code="9">105770</subfield>
    <subfield code="a">LBC</subfield>
    <subfield code="b">LBC</subfield>
    <subfield code="c">C108</subfield>
    <subfield code="d">2026-02-03</subfield>
    <subfield code="o">SUP THO 2013 C108 Or.</subfield>
    <subfield code="p">C034504</subfield>
    <subfield code="r">2026-02-03</subfield>
    <subfield code="y">EK</subfield>
  </datafield>
  <datafield tag="952" ind1=" " ind2=" ">
    <subfield code="0">0</subfield>
    <subfield code="1">0</subfield>
    <subfield code="4">0</subfield>
    <subfield code="6">SUP_THO_2013_000000000000000_C108_OR</subfield>
    <subfield code="7">0</subfield>
    <subfield code="9">105771</subfield>
    <subfield code="a">LBC</subfield>
    <subfield code="b">LBC</subfield>
    <subfield code="c">C108</subfield>
    <subfield code="d">2026-02-03</subfield>
    <subfield code="o">SUP THO 2013 C108 Or.</subfield>
    <subfield code="p">C034544</subfield>
    <subfield code="r">2026-02-03</subfield>
    <subfield code="y">EK</subfield>
  </datafield>
  <datafield tag="952" ind1=" " ind2=" ">
    <subfield code="0">0</subfield>
    <subfield code="1">0</subfield>
    <subfield code="4">0</subfield>
    <subfield code="6">SUP_THO_2013_000000000000000_C108_OR</subfield>
    <subfield code="7">0</subfield>
    <subfield code="9">105772</subfield>
    <subfield code="a">LBC</subfield>
    <subfield code="b">LBC</subfield>
    <subfield code="c">C108</subfield>
    <subfield code="d">2026-02-03</subfield>
    <subfield code="o">SUP THO 2013 C108 Or.</subfield>
    <subfield code="p">C034543</subfield>
    <subfield code="r">2026-02-03</subfield>
    <subfield code="y">EK</subfield>
  </datafield>
</record>
